| 000 | 00621nam a2200241 4500 | ||
|---|---|---|---|
| 001 | 2236110 | ||
| 005 | 20180226040744.0 | ||
| 008 | 700211s1969 enk b 001 0 eng | ||
| 010 | _a 76083201 | ||
| 015 | _aB69-24959 | ||
| 020 | _a0333044169 | ||
| 040 |
_aDLC _cDLC _dDLC |
||
| 041 | _aeng | ||
| 080 | _a942.068 HOL | ||
| 082 | 0 | 0 | _a942.068 HOL |
| 100 | 1 | _a16 | |
| 101 | _aHIS | ||
| 245 | 1 | 0 |
_aBritain after the Glorious Revolution, 1689-1714, _cedited by Geoffrey Holmes. |
| 350 | _a50/- | ||
| 504 | _aIncludes bibliographies. | ||
| 906 |
_a7 _bcbc _corignew _du _encip _f19 _gy-gencatlg |
||
| 942 |
_2ddc _cBK |
||
| 999 |
_c43410 _d43410 |
||